000
00202 a2200097 4500
001
3297
100
_a
Abdul Majid Salih
245
_a
Zikr-e-Iqbal
260
_a
_b
Barm-e-Iqbal
_c
090
_c
2576
_d
2576
942
_a
NUST-CAE
_c
M
_c
17513
999
_c
238370
_d
238370